000 00300nam a22001337a 4500
008 181011b xxu||||| |||| 00| 0 eng d
020 _a070684308
041 _aeng
080 _a616-053
100 _a8
101 _aPED
245 _aSurvey of Clinical Pediatrics
_cWasserman,E
942 _2udc
_cBK
999 _c49347
_d49347